[Event "1/64 Finale"]
[Site "www.chess-mail.com"]
[Date "2016.09.14"]
[Round "1"]
[White "Osopanda"]
[Black "Sandokam"]
[WhiteElo "2010"]
[BlackElo "2180"]
[Result "0-1"]
[Round "1"]
1.d4 Ng8f6
2.e3 g6
3.Bf1d3 Bf8g7
4.Ng1f3 d6
5.O-O O-O
6.c4 Nb8d7
7.Nb1c3 e5
8.e4 exd4
9.Nf3xd4 Nd7e5
10.Bd3e2 Rf8e8
11.f3 Bc8d7
12.Bc1e3 h6
13.Qd1d2 Kh7
14.Ra1d1 Qd8e7
15.h4 a6
16.g4 Nf6g8
17.h5 g5
18.Nd4f5 Bd7xf5
19.gxf5 Ng8f6
20.Nc3d5 Nf6xd5
21.cxd5 f6
22.Rf1f2 Re8g8
23.Rf2g2 Ra8c8
24.f4 Ne5f7
25.Be2d3 Qe7e8
26.fxg5 hxg5
27.Rd1e1 Bg7h6
28.Qd2c3 Nf7e5
29.Bd3e2 Rg8g7
30.Kh2 Qe8e7
31.Be3d4 c6
32.Bd4xe5 Qe7xe5
33.Qc3xe5 dxe5
34.Be2c4 cxd5
35.Bc4xd5 g4
36.Rg2e2 Bh6f4
37.Kg2 b6
38.Re1d1 Rc8c7
39.b3 a5
40.Bd5c4 Rc7d7
41.Bc4d5 Rg7g5
42.Re2c2 Rg5g7
43.Rc2c6 Rd7c7
44.Rc6xf6 Rc7c2
45.Kg1 g3
46.Rf6xb6 Bf4e3
{ resign }
0-1

[Event "1/32 Finale"]
[Site "www.chess-mail.com"]
[Date "2016.09.14"]
[Round "1"]
[White "Jhzes"]
[Black "Sbb"]
[WhiteElo "2020"]
[BlackElo "2650"]
[Result "0-1"]
[Round "1"]
1.d4 Ng8f6
2.Bc1f4 d5
3.c4 dxc4
4.Qd1a4 Nb8c6
5.e3 Nf6d5
6.Bf4g3 e5
7.Bg3xe5 Bf8b4
8.Nb1d2 Bc8d7
9.Be5xg7 Nc6xd4
10.Qa4d1 c3
11.Bg7xd4 cxd2
12.Ke2 Bd7b5
13.Kf3 Bb5c6
14.Ke2 Nd5f4
15.exf4 Qd8xd4
16.Qd1b3 O-O-O
17.Ng1f3 Qd4e4
 { time }
0-1

[Event "1/64 Finale"]
[Site "www.chess-mail.com"]
[Date "2016.09.14"]
[Round "1"]
[White "Papaours"]
[Black "4m6az"]
[WhiteElo "2259"]
[BlackElo "1989"]
[Result "1-0"]
[Round "1"]
1.e4 e5
2.Nb1c3 Bf8c5
3.Ng1f3 d6
4.d4 exd4
5.Nf3xd4 c6
6.Bc1e3 Bc5b4
7.Qd1d2 Qd8f6
8.O-O-O a6
9.h3 c5
10.Nd4e2 c4
11.Be3d4 Qf6g6
12.Ne2f4 Qg6g5
13.h4 Qg5h6
14.Nf4d5 Bb4a5
15.Qd2xh6 Ng8xh6
16.Bd4xg7 Nh6g4
17.Bg7xh8 Ng4xf2
18.Bf1xc4 b5
19.Bc4e2 Bc8e6
20.Rh1f1 Nf2xd1
21.Rf1xd1 Nb8d7
22.Bh8d4 b4
23.Nc3a4 f5
24.Be2f3 Ra8c8
25.Kb1 { resign }
1-0

[Event "Tourn. n8948"]
[Site "www.chess-mail.com"]
[Date "2016.09.15"]
[Round "1"]
[White "Mao"]
[Black "Redabond"]
[WhiteElo "1680"]
[BlackElo "1700"]
[Result "1-0"]
[Round "1"]
1.e4 e5
2.Ng1f3 Nb8c6
3.Bf1b5 Bf8c5
4.O-O Ng8f6
5.Nb1c3 O-O
6.d3 Nc6d4
7.Nf3xe5 Rf8e8
8.Ne5f3 c6
9.Nf3xd4 Bc5xd4
10.Bb5a4 Bd4xc3
11.bxc3 b5
12.Ba4b3 Bc8b7
13.Bc1g5 h6
14.Bg5h4 g5
15.Bh4g3 Qd8b6
16.Qd1f3 c5
17.Qf3f5 Bb7c8
18.e5 d5
19.Qf5xf6 Qb6xf6
20.exf6 c4
21.dxc4 dxc4
22.Rf1e1 Re8xe1
23.Ra1xe1 cxb3
24.Re1e8 Kh7
25.cxb3 a5
26.Kf1 b4
27.c4 Kg6
28.Bg3e5 Kf5
29.Be5d4 Bc8b7
30.Re8xa8 { resign }
1-0

[Event "Tourn. n8903"]
[Site "www.chess-mail.com"]
[Date "2016.09.15"]
[Round "1"]
[White "Ztornad"]
[Black "Jhzes"]
[WhiteElo "1770"]
[BlackElo "1810"]
[Result "1-0"]
[Round "1"]
1.e4 e5
2.d4 exd4
3.Qd1xd4 Nb8c6
4.Qd4d5 Ng8f6
5.Qd5d3 Nc6b4
6.Qd3c4 b5
7.Qc4e2 Bf8c5
8.Nb1c3 c6
9.e5 Nf6d5
10.Nc3e4 Qd8b6
11.Ne4xc5 Qb6xc5
12.c3 Nd5xc3
13.Qe2d2 Qc5xe5
14.Ng1e2 Nc3xe2
15.Bf1xe2 Nb4d5
16.O-O O-O
17.Rf1e1 Qe5d6
18.a3 Bc8b7
19.b4 Ra8e8
20.Bc1b2  { time }
1-0

[Event "Tourn. n8858"]
[Site "www.chess-mail.com"]
[Date "2016.09.15"]
[Round "1"]
[White "Ejner"]
[Black "Rons"]
[WhiteElo "2440"]
[BlackElo "2560"]
[Result "1/2-1/2"]
[Round "1"]
1.Ng1f3 Ng8f6
2.c4 c5
3.Nb1c3 e6
4.g3 b6
5.Bf1g2 Bc8b7
6.O-O Bf8e7
7.Rf1e1 d5
8.cxd5 Nf6xd5
9.Nc3xd5 Qd8xd5
10.d4 cxd4
11.Qd1xd4 O-O
12.Bc1g5 Be7xg5
13.Qd4xd5 Bb7xd5
14.Nf3xg5 Bd5xg2
15.Kxg2 Nb8d7
16.Ra1c1 Ra8c8
17.Re1d1 Nd7f6
18.Ng5f3 g6
19.Nf3e5 h5
20.Kf3 Kg7
21.h3 g5
22.e3 Rf8d8
23.Ke2 g4
24.hxg4 hxg4
25.Ne5d3 Nf6e4
26.Rc1xc8 Rd8xc8
27.Rd1c1 Rc8xc1
28.Nd3xc1 f5
29.Nc1d3 Kf6
30.Nd3b4 a5
31.Nb4c2 Ke5
32.Nc2a3 Kd5
33.Na3b1 e5
34.Nb1c3 Ne4xc3
35.bxc3 Kc4
36.Kd2 b5
37.Kc2 e4
38.Kd2 Kc5
39.Kc2 a4
40.Kb2 Kc4
41.Kc2 Kd5
42.Kd2 Ke6
43.Kc2 { draw }
1/2-1/2

[Event "Tourn. n8889"]
[Site "www.chess-mail.com"]
[Date "2016.09.15"]
[Round "1"]
[White "Picifarkinca"]
[Black "Scasan55"]
[WhiteElo "1920"]
[BlackElo "2000"]
[Result "1-0"]
[Round "1"]
1.e4 c5
2.c4 d6
3.Ng1f3 e6
4.Nb1c3 Nb8c6
5.d4 cxd4
6.Nf3xd4 Nc6xd4
7.Qd1xd4 Ng8f6
8.Bc1g5 Bf8e7
9.Bf1e2 a6
10.O-O O-O
11.f4 Qd8c7
12.Kh1 h6
13.Bg5h4 Ra8b8
14.Ra1d1 b6
15.Be2f3 Bc8b7
16.e5 dxe5
17.fxe5 Bb7xf3
18.Rf1xf3 Nf6h7
19.Bh4xe7 Qc7xe7
20.Nc3e4 Rf8d8
21.Ne4d6 f6
22.Rf3d3 Nh7f8
23.Qd4e3 fxe5
24.Qe3xe5 Nf8g6
25.Qe5e4 Ng6f8
26.Rd3d5 Nf8d7
27.Rd5d2  { time }
1-0

[Event "Tourn. n8928"]
[Site "www.chess-mail.com"]
[Date "2016.09.15"]
[Round "1"]
[White "Al3x"]
[Black "Llcervello"]
[WhiteElo "1769"]
[BlackElo "1670"]
[Result "1-0"]
[Round "1"]
1.e4 e5
2.Ng1f3 Nb8c6
3.Bf1b5 Qd8f6
4.Nb1c3 a6
5.Bb5a4 d6
6.h3 b5
7.Ba4b3 Qf6g6
8.Nc3d5 Ra8a7
9.d3 Qg6xg2
10.Rh1g1 Qg2xh3
11.Rg1g3 Qh3h5
12.Rg3g5 Qh5h6
13.Rg5xe5 dxe5
14.Bc1xh6 gxh6
15.Nf3h4 Nc6d4
16.c3 Nd4e6
17.Nh4f5 c6
18.Nd5e3 Ra7d7
19.Qd1h5 Rd7xd3
20.Ne3g4 Ne6g5
21.Ng4xe5 Ng5f3
22.Ne5xf3 Kd8
23.Nf3e5 f6
24.Ne5xd3 { resign }
1-0

[Event "Tourn. n8964"]
[Site "www.chess-mail.com"]
[Date "2016.09.15"]
[Round "1"]
[White "Norlavuaram"]
[Black "4m6az"]
[WhiteElo "2150"]
[BlackElo "2040"]
[Result "1-0"]
[Round "1"]
1.e4 c6
2.d4 e5
3.Ng1f3 exd4
4.Nf3xd4 Qd8e7
5.Bf1d3 d5
6.O-O Qe7c7
7.exd5 Bf8d6
8.Rf1e1 Ng8e7
9.Bc1g5 Bd6xh2
10.Kh1 f6
11.Qd1h5 Kf8
12.Nd4e6 Bc8xe6
13.dxe6 fxg5
14.Qh5f7 { resign }
1-0

[Event "Tourn. n8884"]
[Site "www.chess-mail.com"]
[Date "2016.09.15"]
[Round "1"]
[White "Azulmarino"]
[Black "Nulladies"]
[WhiteElo "1610"]
[BlackElo "1740"]
[Result "0-1"]
[Round "1"]
1.e4 b6
2.d4 Bc8b7
3.Qd1e2 Ng8f6
4.c4 Nf6xe4
5.Ng1f3 e6
6.Nb1d2 Ne4f6
7.h3 Bf8e7
8.Qe2d3 O-O
9.Nf3g5 g6
10.b3 Nf6h5
11.h4 Be7xg5
12.Bc1b2 Nh5f4
13.Qd3c3 Nf4xg2
14.Bf1xg2 Bb7xg2
15.hxg5 Bg2xh1
16.d5 e5
17.Qc3xe5 Rf8e8
18.Nd2e4 Re8xe5
19.Bb2xe5 Bh1xe4
{ resign }
0-1

[Event "Tourn. n8856"]
[Site "www.chess-mail.com"]
[Date "2016.09.15"]
[Round "1"]
[White "Seger"]
[Black "Asoka"]
[WhiteElo "2700"]
[BlackElo "2700"]
[Result "1-0"]
[Round "1"]
1.d4 Ng8f6
2.c4 g6
3.Nb1c3 Bf8g7
4.e4 d6
5.Bf1e2 O-O
6.Bc1e3 e5
7.d5 a5
8.g4 Nb8a6
9.h4 Na6c5
10.f3 h5
11.g5 Nf6d7
12.Ng1h3 a4
13.Nh3f2 Rf8e8
14.Qd1c2 Nd7b6
15.O-O-O Nb6d7
16.Kb1 b6
17.Rd1c1 Re8f8
18.Nf2d1 Nd7b8
19.Nc3b5 Ra8a5
20.Qc2d2 Bc8d7
21.Rc1c3 Kh7
22.Rc3a3 Bd7xb5
23.cxb5 Nb8d7
24.Qd2c2 Qd8a8
25.Be3d2 Ra5a7
26.Nd1e3 Qa8e8
27.Qc2d1 Ra7a8
28.Rh1g1 f6
29.Be2f1 Nc5b7
30.Bf1h3 Nd7c5
31.Qd1e2 fxg5
32.hxg5 Nb7a5
33.Ne3g2 Na5b7
34.Ng2h4 Nc5d7
35.Bh3f5 gxf5
36.exf5 Nb7c5
37.Qe2g2 Ra8d8
38.Qg2h3 Kg8
39.f6 Nd7xf6
40.gxf6 Rf8xf6
41.Bd2g5 Rf6f7
42.Bg5h6 Rd8d7
43.Nh4f5 e4
44.Qh3xh5 Qe8e5
45.Bh6xg7 Rf7xg7
46.Nf5xg7 Rd7xg7
47.Rg1xg7 Kxg7
48.Qh5g4 { resign }
1-0

[Event "Tourn. n8867"]
[Site "www.chess-mail.com"]
[Date "2016.09.15"]
[Round "1"]
[White "Paaliaq"]
[Black "Ejner"]
[WhiteElo "2580"]
[BlackElo "2470"]
[Result "1-0"]
[Round "1"]
1.d4 e6
2.e4 d5
3.Nb1c3 Bf8b4
4.e5 c5
5.a3 Bb4xc3
6.bxc3 Ng8e7
7.Qd1g4 cxd4
8.Qg4xg7 Rh8g8
9.Qg7xh7 Qd8c7
10.Ng1e2 dxc3
11.f4 Nb8c6
12.h4 d4
13.h5 Bc8d7
14.h6 O-O-O
15.Qh7d3 Kb8
16.h7 Rg8h8
17.Ra1b1 Bd7c8
18.g4 b6
19.Rh1h6 Bc8b7
20.Kf2 Ne7d5
21.Bf1g2 Qc7c8
22.Rh6h3 Rd8d7
23.Bg2e4 Qc8f8
24.g5 Qf8g7
25.Rb1b5 Nd5e7
26.Ne2g3 Nc6d8
27.a4 Ne7g6
28.Rh3h6 Rh8xh7
29.f5 exf5
30.Be4xb7 Nd8xb7
31.Ng3h5 Qg7h8
32.Nh5f6 Rh7xh6
33.Nf6xd7 Kc7
34.gxh6 Kxd7
35.Qd3xf5 { resign }
1-0

[Event "Tourn. n8950"]
[Site "www.chess-mail.com"]
[Date "2016.09.15"]
[Round "1"]
[White "Mitja"]
[Black "Bojan"]
[WhiteElo "1900"]
[BlackElo "1960"]
[Result "1/2-1/2"]
[Round "1"]
1.d4 d5
2.e3 a6
3.c3 Nb8c6
4.h3 e5
5.dxe5 Nc6xe5
6.Ng1f3 Ne5xf3
7.Qd1xf3 Ng8f6
8.Nb1d2 c6
9.Nd2b3 b6
10.Bf1d3 Bc8e6
11.Nb3d4 Be6d7
12.b3 c5
13.Nd4f5 g6
14.Nf5g3 Bf8d6
15.Bc1b2 Bd6e5
16.Ra1b1 Bd7e6
17.O-O h5
18.Rf1d1 Nf6h7
19.Qf3e2 O-O
20.c4 Be5xg3
21.fxg3 Qd8c7
22.Kf2 dxc4
23.Bd3xc4 Be6xc4
24.Qe2xc4 Nh7g5
25.h4 Ng5e6
26.Qc4c3 Kh7
27.Rd1d3 Ra8d8
28.Rd3xd8 Qc7xd8
29.a4 Rf8g8
30.Qc3c2 Ne6g7
31.Rb1d1 Qd8e7
32.Bb2c1 Qe7f6
33.Kg1 Rg8e8
34.Qc2d2 Ng7f5
35.Rd1f1 Qf6e5
36.Rf1f3 Nf5xg3
37.Rf3xf7 Kg8
38.Rf7f3 Ng3f5
39.Bc1b2 Qe5e7
40.Qd2c3 Kh7
41.e4 Nf5d4
42.Rf3e3 Qe7xh4
43.Qc3c4 Re8xe4
44.Re3xe4 Qh4xe4
45.Qc4f7 Kh6
46.Bb2c1 g5
47.Qf7f6 Qe4g6
48.Bc1xg5 Kh7
49.Qf6e7 Qg6g7
50.Qe7e4 Kg8
51.Qe4e8 Qg7f8
52.Qe8xh5 Qf8d6
53.Qh5e8 Kg7
54.Qe8h5 Nd4xb3
55.Qh5g4 Qd6d4
56.Qg4xd4 Nb3xd4
57.Bg5d8 b5
58.axb5 axb5
59.Bd8b6 Nd4e6
60.Kf2 Kf6
61.Ke3 Ke5
62.Kd3 c4
63.Kc3 Kd5
64.Kb4 Ke4
65.Bb6a5 Ne6d4
66.Kc3 Nd4e2
67.Kc2 Kf5
68.Kd2 Ne2f4
69.g3 Nf4h5
70.g4 { draw }
1/2-1/2

[Event "Match"]
[Site "www.echecsemail.com"]
[Date "2016.09.15"]
[Round "1"]
[White "Wagner"]
[Black "Raulazo"]
[WhiteElo "1780"]
[BlackElo "1920"]
[Result "1-0"]
[Round "1"]
1.Ng1f3 Nb8c6
2.c3 e5
3.e4 Ng8f6
4.Qd1a4 Bf8c5
5.d4 Bc5d6
6.d5 Nc6e7
7.h3 O-O
8.Bf1d3 a6
9.c4 h6
10.Nb1c3 Nf6h5
11.a3 Ne7g6
12.g3 Bd6c5
13.Qa4d1 d6
14.Ra1b1 c6
15.b4 Bc5a7
16.g4 Qd8b6
17.Bc1e3 Qb6d8
18.c5 Nh5f6
19.g5 Nf6h5
20.Bd3c4 b5
21.Bc4b3 a5
22.dxc6 Qd8c7
23.Bb3d5 hxg5
24.Be3xg5 Bc8e6
25.Nc3xb5 Qc7b8
26.bxa5 Qb8e8
27.Nb5xd6 Nh5f6
28.Bg5xf6 gxf6
29.Nd6xe8 Rf8xe8
30.Bd5xe6 Re8xe6
31.c7 Re6c6
32.Qd1d7 Rc6xc5
33.Rb1b7 Rc5c1
34.Ke2 Ng6f4
35.Kd2 Rc1xh1
36.c8Q Ra8xc8
37.Qd7xf7 { resign }
1-0

[Event "Match"]
[Site "www.echecsemail.com"]
[Date "2016.09.15"]
[Round "1"]
[White "Whitekknight"]
[Black "Fieldfast"]
[WhiteElo "1890"]
[BlackElo "1499"]
[Result "0-1"]
[Round "1"]
1.e4 c6
2.d4 d5
3.exd5 cxd5
4.Ng1f3 Ng8f6
5.Bf1e2 Nb8c6
6.O-O Bc8g4
7.Nb1d2 e6
8.h3 Bg4xf3
9.Nd2xf3 Bf8e7
10.c3 O-O
11.Nf3h2 Qd8c7
12.Bc1g5 Rf8e8
13.Be2b5 a6
14.Bb5xc6 bxc6
15.Qd1c1 c5
16.Nh2f3 Nf6e4
17.Bg5xe7 Qc7xe7
18.Rf1e1 h6
19.Nf3d2 Ne4xd2
20.Qc1xd2 Ra8b8
21.Ra1b1 Qe7a7
22.Re1d1 Re8c8
23.Rb1c1 a5
24.a4 cxd4
25.cxd4 Rc8xc1
26.Rd1xc1 Qa7b6
27.Rc1c2 Qb6b4
28.Qd2d1 Kh7
29.Qd1b1 g6
30.h4 Qb4xd4
31.h5 Qd4e4
32.Qb1d1 g5
33.Rc2e2 Qe4f5
34.f3 Kg7
35.Re2c2 Qf5e5
36.Qd1d2 Rb8b4
37.Kf2 Rb4xa4
38.Kf1 Ra4b4
39.Qd2c1 Qe5h2
40.Kf2 Qh2h4
41.Ke2 Qh4xh5
42.Qc1a1 Qh5g6
43.Rc2c5 Qg6f6
44.Rc5c2 Qf6e5
45.Kf1 Qe5d4
46.Rc2c3 Rb4c4
47.Qa1xa5 Qd4d1
48.Kf2 Qd1d2
49.Kf1 Rc4h4
{ resign }
0-1

[Event "Match"]
[Site "www.echecsemail.com"]
[Date "2016.09.15"]
[Round "1"]
[White "Billyg"]
[Black "Maciekkam"]
[WhiteElo "1570"]
[BlackElo "1779"]
[Result "0-1"]
[Round "1"]
1.e4 c5
2.d4 cxd4
3.Qd1xd4 Nb8c6
4.Qd4e3 Ng8f6
5.h3 e5
6.Ng1f3 d5
7.Bf1b5 Qd8a5
8.c3 Qa5xb5
9.Nb1a3 Bf8xa3
10.bxa3 Nf6xe4
11.Nf3d2 Ne4xd2
12.Qe3xd2 d4
13.cxd4 Nc6xd4
14.Bc1b2 O-O
15.Bb2xd4 exd4
16.O-O-O Bc8f5
17.Qd2xd4 Qb5b1
18.Kd2 Qb1b5
19.Ke1 Rf8e8
20.Kd2 Qb5e2
21.Kc1 Qe2c2
{ resign }
0-1

[Event "Match"]
[Site "www.echecsemail.com"]
[Date "2016.09.15"]
[Round "1"]
[White "Whitekknight"]
[Black "Azorau"]
[WhiteElo "1950"]
[BlackElo "2020"]
[Result "1-0"]
[Round "1"]
1.e4 e5
2.Ng1f3 Nb8c6
3.Bf1c4 h6
4.Nb1c3 a6
5.a4 Bf8b4
6.Nc3d5 Ng8f6
7.Nd5xb4 Nc6xb4
8.Nf3xe5 O-O
9.Ne5d3 Nf6xe4
10.Nd3xb4 Qd8f6
11.Qd1e2 Rf8e8
12.O-O Ne4d6
13.Qe2d3 c6
14.c3 Nd6e4
15.f3 Ne4c5
16.Qd3c2 d5
17.Bc4a2 a5
18.d4 Bc8f5
19.Qc2d1 Nc5e6
20.Nb4c2 Ra8c8
21.Bc1e3 Bf5xc2
22.Qd1xc2 Ne6c7
23.Qc2d2 Nc7e6
24.Ba2b3 Ne6f8
25.Bb3c2 Nf8d7
26.Ra1e1 Nd7b6
27.b3 Nb6d7
28.Qd2d3 Nd7f8
29.Be3f2 Nf8e6
30.Bf2g3 c5
31.Qd3h7 Kf8
32.Bg3d6 Re8e7
33.Qh7h8 { resign }
1-0

[Event "Match"]
[Site "www.echecsemail.com"]
[Date "2016.09.15"]
[Round "1"]
[White "Ladyuzbetova"]
[Black "Cal"]
[WhiteElo "1699"]
[BlackElo "1720"]
[Result "0-1"]
[Round "1"]
1.e4 e5
2.Ng1f3 d6
3.d4 exd4
4.Nf3xd4 Ng8f6
5.Nb1c3 Bf8e7
6.Nd4e2 h6
7.Ne2g3 O-O
8.Bf1e2 c6
 { time }
0-1

[Event "Match"]
[Site "www.echecsemail.com"]
[Date "2016.09.15"]
[Round "1"]
[White "Liencam2"]
[Black "Jhzes"]
[WhiteElo "2300"]
[BlackElo "1970"]
[Result "1-0"]
[Round "1"]
1.e4 e5
2.Ng1f3 Bf8c5
3.Nf3xe5 Bc5xf2
4.Kxf2 Qd8h4
5.Kg1 Qh4xe4
6.Qd1e2 Qe4d4
7.Qe2e3 Qd4xe3
8.dxe3 Ng8f6
9.Nb1c3 d6
10.Ne5f3 Bc8f5
11.Bf1d3 Bf5g4
12.Kf2 O-O
13.e4 Nb8d7
14.Bc1g5 Nf6h5
15.Nc3d5 c6
16.Nd5c3 f6
17.Bg5e3 Nd7e5
18.Bd3e2 f5
19.exf5 Rf8xf5
20.Rh1f1 b6
21.Kg1 Ra8f8
22.Nf3xe5 Rf5xf1
23.Be2xf1 dxe5
24.Bf1c4 Kh8
25.Ra1f1 Rf8xf1
26.Kxf1 b5
27.Bc4e2 Bg4xe2
28.Kxe2 a5
29.Nc3e4 Nh5f6
30.Ne4xf6 gxf6
31.Be3b6 a4
32.Bb6d8 f5
33.Bd8f6  { time }
1-0

[Event "Match"]
[Site "www.echecsemail.com"]
[Date "2016.09.15"]
[Round "1"]
[White "Redabond"]
[Black "Krisis"]
[WhiteElo "1700"]
[BlackElo "1499"]
[Result "1-0"]
[Round "1"]
1.d4 Ng8f6
2.Bc1f4 d5
3.Nb1c3 e6
4.Nc3b5 Bf8d6
5.Bf4xd6 cxd6
6.c3 e5
7.dxe5 dxe5
8.Qd1a4 O-O
9.e3 Nb8c6
10.Bf1e2 e4
11.O-O-O  { time }
1-0

[Event "Match"]
[Site "www.echecsemail.com"]
[Date "2016.09.15"]
[Round "1"]
[White "Chessnadja"]
[Black "Asoka"]
[WhiteElo "2689"]
[BlackElo "2710"]
[Result "1/2-1/2"]
[Round "1"]
1.f4 d5
2.e3 g6
3.c4 d4
4.Ng1f3 Bf8g7
5.Nf3xd4 Bg7xd4
6.exd4 Qd8xd4
7.d3 Nb8c6
8.Nb1a3 Ng8h6
9.Na3b5 Qd4d8
10.Qd1d2 a6
11.Nb5c3 Nc6d4
12.b3 Nh6f5
13.Bc1b2 b5
14.O-O-O Bc8b7
15.Qd2f2 c5
16.Rh1g1 h5
17.g3 Qd8a5
18.Bf1g2 Bb7xg2
19.Rg1xg2 O-O-O
20.h3 h4
21.g4 { draw }
1/2-1/2

[Event "Match"]
[Site "www.echecsemail.com"]
[Date "2016.09.15"]
[Round "1"]
[White "Drawlward"]
[Black "Krystek23"]
[WhiteElo "1809"]
[BlackElo "2300"]
[Result "1-0"]
[Round "1"]
1.e4 c5
2.Ng1f3 e6
3.d4 cxd4
4.Nf3xd4 Nb8c6
5.Nb1c3 d6
6.Bc1e3 Ng8f6
7.f3 a6
8.Qd1d2 Nc6xd4
9.Qd2xd4 Bc8d7
10.g4 h6
11.O-O-O Bd7c6
12.Bf1g2 Bf8e7
13.h4 Nf6d7
14.f4 e5
15.Qd4d2 Be7xh4
16.g5 exf4
17.Be3xf4 Bh4xg5
18.Bf4xg5 Qd8c7
19.Qd2xd6 Qc7xd6
20.Rd1xd6 f6
21.Bg5f4 Nd7f8
22.Rh1d1 Nf8g6
23.Bf4g3 O-O
24.Nc3d5 Ra8e8
25.b3 Ng6e5
26.Bg3xe5 Re8xe5
27.c4 Rf8e8
28.Kc2 Re5g5
29.Bg2h3 Re8xe4
30.Bh3d7 Re4e2
31.Rd1d2 Re2xd2
32.Kxd2 Rg5g2
33.Kc3 Rg2g3
34.Kb4 Bc6xd5
35.cxd5 Kf7
36.Bd7e6 Kg6
37.Rd6b6 h5
38.Rb6xb7 h4
39.Rb7b8 h3
40.Rb8h8 f5
41.d6 Rg3d3
42.d7 Kf6
43.d8Q Rd3xd8
44.Rh8xd8 Kxe6
45.Rd8h8 g5
46.Rh8xh3 g4
47.Rh3h8 Ke5
48.Kc3 Ke4
49.b4 g3
50.a4 Kf3
51.b5 g2
52.Rh8g8 axb5
53.axb5 Kf2
54.b6 g1Q
55.Rg8xg1 Kxg1
56.b7 f4
57.b8Q f3
58.Qb8g3 { resign }
1-0

[Event "Match"]
[Site "www.echecsemail.com"]
[Date "2016.09.15"]
[Round "1"]
[White "Krisis"]
[Black "Coraza"]
[WhiteElo "1499"]
[BlackElo "1790"]
[Result "0-1"]
[Round "1"]
1.b4 e5
2.Bc1b2 Bf8xb4
3.Bb2xe5 f6
4.Be5c3 Bb4c5
5.d4 Bc5b6
6.e4 Nb8c6
7.d5 Nc6e7
8.e5 f5
9.e6 Ng8f6
 { time }
0-1

[Event "Eq:Nightwish-Latinoamerica : "]
[Site "www.chess-mail.com"]
[Date "2016.09.15"]
[Round "1"]
[White "Vitoriccardo"]
[Black "Terrysweden"]
[WhiteElo "2040"]
[BlackElo "1579"]
[Result "1-0"]
[Round "1"]
1.e4 e5
2.Ng1f3 Nb8c6
3.Bf1c4 Ng8f6
4.Nf3g5 d5
5.exd5 Nc6a5
6.Bc4b5 c6
7.dxc6 Na5xc6
8.Bb5c4  { time }
1-0

[Event "Tourn. n8923"]
[Site "www.chess-mail.com"]
[Date "2016.09.16"]
[Round "1"]
[White "Liencam2"]
[Black "Jhzes"]
[WhiteElo "2290"]
[BlackElo "2010"]
[Result "1-0"]
[Round "1"]
1.e4 e5
2.Ng1f3 Bf8c5
3.Nf3xe5 Qd8h4
4.Qd1f3 Ng8f6
5.d3 d6
6.g3 Qh4h5
7.Qf3xh5 Nf6xh5
8.Ne5f3 Bc8g4
9.Bf1e2 Nb8d7
10.Nb1c3 c6
11.a3 Nd7e5
12.Nf3xe5 Bg4xe2
13.Ne5xf7 Be2f3
14.Nf7xh8 Bf3xh1
15.Bc1g5  { time }
1-0

[Event "Tourn. n8961"]
[Site "www.chess-mail.com"]
[Date "2016.09.16"]
[Round "1"]
[White "4m6az"]
[Black "Norlavuaram"]
[WhiteElo "2040"]
[BlackElo "2150"]
[Result "0-1"]
[Round "1"]
1.c4 Ng8f6
2.Nb1c3 g6
3.e3 Bf8g7
4.d4 O-O
5.Ng1f3 d5
6.b3 c5
7.Ra1b1 dxc4
8.Bf1xc4 cxd4
9.Nf3xd4 e5
10.Nd4b5 Qd8a5
11.b4 Qa5b6
12.a4 Rf8d8
13.Qd1e2 Bc8g4
14.f3 Bg4d7
15.a5 Qb6c6
16.Bc1a3 a6
17.Bc4d5 Nf6xd5
18.Nc3xd5 Qc6xd5
19.Nb5c7 Qd5d6
20.Nc7xa8 Bd7b5
21.Qe2a2 e4
22.Ba3b2 Qd6d2
{ resign }
0-1

[Event "Tourn. n8934"]
[Site "www.chess-mail.com"]
[Date "2016.09.16"]
[Round "1"]
[White "Hansen"]
[Black "Azulmarino"]
[WhiteElo "1610"]
[BlackElo "1660"]
[Result "0-1"]
[Round "1"]
1.e4 e5
2.g3 Ng8f6
3.f3 Bf8c5
4.Ng1h3 h6
5.Bf1c4 d6
6.g4 g5
7.a3 h5
8.Nh3xg5 Bc8e6
9.Bc4xe6 fxe6
10.Ng5xe6 Qd8e7
11.Ne6g5 hxg4
12.fxg4 d5
13.c3 dxe4
14.b4 Bc5b6
15.d4 exd4
16.cxd4 Rh8g8
17.h4 Nb8c6
18.Bc1e3 Nf6d5
19.Qd1b3 Nd5xe3
20.Qb3xg8 Kd7
21.Qg8d5 Ne3xd5
{ resign }
0-1

[Event "Tourn. n8963"]
[Site "www.chess-mail.com"]
[Date "2016.09.16"]
[Round "1"]
[White "Libiesse"]
[Black "Guidom"]
[WhiteElo "1930"]
[BlackElo "2010"]
[Result "0-1"]
[Round "1"]
1.d4 d5
2.c4 dxc4
3.Nb1c3 c6
4.a3 e5
5.dxe5 Qd8xd1
6.Nc3xd1 b5
7.Ng1f3 Bf8c5
8.Bc1f4 Ng8e7
9.e3 O-O
10.b3 cxb3
11.Nd1b2 Ne7d5
12.g3 Bc8e6
13.Bf1g2 a5
14.Nf3d4 Bc5xd4
15.exd4 a4
16.O-O Nb8d7
17.Ra1c1 Ra8c8
18.Rf1d1 Nd7b6
19.Bg2f1 Nd5xf4
20.gxf4 Nb6d5
21.Nb2d3 Be6f5
22.Kg2 Bf5xd3
23.Bf1xd3 Nd5xf4
24.Kf3 Nf4xd3
25.Rc1c3 Nd3b2
26.Rd1c1 Nb2c4
{ resign }
0-1

[Event "Tourn. n8869"]
[Site "www.chess-mail.com"]
[Date "2016.09.16"]
[Round "1"]
[White "Prize64"]
[Black "Frisker"]
[WhiteElo "2390"]
[BlackElo "2220"]
[Result "0-1"]
[Round "1"]
1.e4 e6
2.d4 d5
3.Nb1c3 Ng8f6
4.e5 Nf6d7
5.f4 c5
6.Ng1f3 Nb8c6
7.Bc1e3 a6
8.Qd1d2 b5
9.dxc5 Bf8xc5
10.Be3xc5 Nd7xc5
11.Qd2f2 Qd8e7
12.Nf3d4 Bc8d7
13.Bf1d3 Nc6xd4
14.Qf2xd4 O-O
15.O-O-O Nc5xd3
16.Qd4xd3 b4
17.Nc3b1 Rf8c8
18.Nb1d2 a5
19.Nd2f3 Qe7c5
20.Nf3d4 Qc5c4
21.Qd3xc4 Rc8xc4
22.g3 Ra8c8
23.Kb1 a4
24.b3 Rc4c3
25.Rd1d2 Rc3e3
26.Rh1d1 f6
27.exf6 gxf6
28.Rd2e2 Re3xe2
29.Nd4xe2 axb3
30.axb3 Rc8c5
31.Kb2 e5
32.Rd1a1 Bd7f5
33.Ra1c1 d4
34.g4 Bf5e4
 { time }
0-1

[Event "Tourn. n8936"]
[Site "www.chess-mail.com"]
[Date "2016.09.16"]
[Round "1"]
[White "Vasylpuzanov"]
[Black "Geretree"]
[WhiteElo "1870"]
[BlackElo "1870"]
[Result "0-1"]
[Round "1"]
1.e4 e5
2.f4 exf4
3.Ng1f3 Nb8c6
4.d4 d5
5.e5 Bc8g4
6.Bf1b5 Ng8e7
7.Bc1xf4 a6
 { time }
0-1

[Event "Tourn. n8821"]
[Site "www.chess-mail.com"]
[Date "2016.09.16"]
[Round "1"]
[White "Tartan"]
[Black "Sontuozio"]
[WhiteElo "2350"]
[BlackElo "2220"]
[Result "1-0"]
[Round "1"]
1.d4 d5
2.c4 c6
3.Ng1f3 Ng8f6
4.Nb1c3 e6
5.e3 Bf8d6
6.Qd1c2 Nb8d7
7.b3 O-O
8.Bc1b2 a6
9.c5 Bd6c7
10.Bf1e2 e5
11.O-O e4
12.Nf3d2 Nf6e8
13.f3 f5
14.fxe4 fxe4
15.Nc3xe4 dxe4
16.Nd2xe4 Nd7f6
17.Ne4g5 h6
18.Ng5h3 Bc8xh3
19.gxh3 Qd8e7
20.e4 Kh8
21.e5 Nf6d5
22.Rf1xf8 Qe7xf8
23.Ra1f1 Qf8e7
24.Qc2g6 Qe7g5
25.Qg6xg5 hxg5
26.Rf1f8 Kh7
27.Be2g4 Bc7a5
28.Bg4d7 Ne8c7
29.Rf8xa8 Nc7xa8
30.Bd7c8 Na8c7
31.Bc8xb7 Nd5e7
32.Kf2 Ba5d2
33.Ke2 Bd2f4
34.Kd3 Kg6
35.Ke4 Kh5
36.Bb2c3 Kh4
37.Bc3a5 Nc7e6
38.Bb7xa6 Kxh3
39.Ba6c4 Ne6f8
40.b4 Bf4xh2
41.Ba5d8 Nf8g6
42.b5 cxb5
43.Bc4xb5 g4
44.Bb5d7 Kh4
45.d5 g3
46.Kf3 Ng6xe5
47.Kg2 Ne5g6
48.d6 Ng6f4
49.Kh1 Nf4h3
50.dxe7 { resign }
1-0

[Event "Tourn. n8953"]
[Site "www.chess-mail.com"]
[Date "2016.09.16"]
[Round "1"]
[White "4m6az"]
[Black "Picifarkinca"]
[WhiteElo "1950"]
[BlackElo "2060"]
[Result "1-0"]
[Round "1"]
1.e4 c6
2.d4 d5
3.Nb1c3 dxe4
4.Nc3xe4 Nb8d7
5.Bc1d2 Ng8f6
6.Ne4xf6 Nd7xf6
7.Bf1d3 e6
8.h3 Bf8d6
9.Bd2g5 h6
10.Bg5e3 O-O
11.Qd1d2 Qd8c7
12.Ng1f3 b6
13.g4 c5
14.g5 Nf6d5
15.gxh6 Nd5xe3
16.hxg7 Ne3g2
17.Kf1 Ng2e3
18.Qd2xe3 Kxg7
19.Rh1g1 Kf6
20.Qe3g5 
1-0

[Event "Tourn. n8946"]
[Site "www.chess-mail.com"]
[Date "2016.09.16"]
[Round "1"]
[White "Nulladies"]
[Black "Cal"]
[WhiteElo "1860"]
[BlackElo "1720"]
[Result "1-0"]
[Round "1"]
1.d4 d5
2.Bc1f4 h6
3.Ng1f3 Nb8c6
4.e3 Ng8f6
5.Nb1d2 e6
6.c3 a6
7.Nf3e5 Bf8d6
8.Nd2f3 O-O
9.Bf1d3 Nc6e7
10.Qd1c2 Nf6h5
11.Bf4g3 c5
12.Bd3e2 c4
13.b3 b5
14.e4 Bc8b7
15.bxc4 dxc4
16.Nf3h4 Nh5xg3
17.hxg3 Bd6xe5
18.dxe5 f6
19.exf6 Rf8xf6
20.Ra1d1 Qd8f8
21.f3 a5
22.Rd1d7 Bb7c6
23.Rd7d6 b4
24.Be2xc4 Kh8
25.e5 Ne7f5
26.Rd6xc6 Nf5xg3
27.exf6 Qf8e8
28.f7 Qe8xc6
29.Nh4g6 Kh7
30.Ng6e5 { resign }
1-0

[Event "Tourn. n8916"]
[Site "www.chess-mail.com"]
[Date "2016.09.16"]
[Round "1"]
[White "Jhzes"]
[Black "Mao"]
[WhiteElo "1970"]
[BlackElo "1819"]
[Result "0-1"]
[Round "1"]
1.e4 e5
2.Bf1c4 Ng8f6
3.Ng1f3 Bf8c5
4.Nf3xe5 O-O
5.d4 Qd8e7
6.Bc1g5 Bc5b6
7.Bg5xf6 Qe7xf6
8.O-O d6
9.Ne5xf7 Rf8xf7
10.Bc4xf7 Qf6xf7
11.c3 Nb8c6
12.Qd1b3 Qf7xb3
13.axb3 Bc8g4
14.h3 Bg4e2
15.Rf1e1 Be2d3
16.Nb1d2 Ra8e8
17.Ra1a2 a5
18.Kh2 Kf7
19.Re1e3 Bd3a6
20.Nd2f3 h6
21.g4 Kg6
 { time }
0-1